00354nam a2200133 450000500170000010000320001724500370004926400290008630000180011533600220013333700240015533800240017999900170020320260530115309.01 aClarence P. Hornung 93247810aHandbook of Early Advetising Art 1bDover Publicationsc1956 a237 páginas atexto2rdacontent asin medio2rdamedia avolumen2rdacarrier c13235d13235